000
00317nam a2200145Ia 4500
003
OSt
005
20240329105026.0
008
170524s9999 xx 000 0 und d
020
_a
8125923470
040
_c
IIMTU MEERUT
100
_a
Dwivedi D N
245
0
_a
Managerial Economic
260
_a
Vikas
942
_2
ddc
_c
02
999
_c
3264
_d
3264